| 000 | 00648nam a2200169 i 4500 | ||
|---|---|---|---|
| 001 | 180848 | ||
| 003 | ES-MaACL | ||
| 005 | 20230906221208.0 | ||
| 008 | 120719s1904 sp |||| | spa d | ||
| 100 | 1 |
_aOrcoyen y Arana, Crescencio A. _9151076 |
|
| 245 | 1 | 0 |
_aIndicaciones y resultados de la gastro-enterostomía en la estenosis orgánicas no cancerosas del píloro / _cpor Crescencio A. Orcoyen y Arana. |
| 260 |
_aMadrid : _b[s.n.], _c1904 ( _fImpr. de los Hijos de M. G. Hernández) |
||
| 300 |
_a37 p. ; _c24 cm. |
||
| 594 | _aPrecede al título: Memoria de doctorado. | ||
| 650 | 4 |
_aGastrectomía. _9151075 |
|
| 852 |
_aES-MaACL _jT-1049-F-16 |
||
| 999 |
_c180848 _d180848 |
||